[Event "Cuiaba Contaud op"]
[Site "Cuiaba"]
[Date "2017.07.28"]
[Round "1"]
[White "Stivanelli, Leonardo Alexandre"]
[Black "Di Berardino, Diego Rafael"]
[Result "0-1"]
[WhiteElo "1937"]
[BlackElo "2498"]
[PlyCount "104"]
[EventDate "2017.07.28"]
[EventType "swiss"]
[EventRounds "6"]
[EventCountry "BRA"]
[SourceTitle "EXT 2018"]
[Source "ChessBase"]
[SourceDate "2017.10.13"]
[SourceVersion "1"]
[SourceVersionDate "2017.10.13"]
[SourceQuality "1"]

1. d4 Nf6 2. Nf3 c5 3. e3 g6 4. c4 Bg7 5. Nc3 0-0 6. Bd3 d5 7. 0-0 cxd4 8. exd4 Nc6 9. h3 dxc4 10. Bxc4 Na5 11. Bd3 Be6 12. Ng5 Bc4 13. Bxc4 Nxc4 14. b3 Nb6 15. Bb2 Nbd5 16. Re1 Nxc3 17. Bxc3 Nd5 18. Bb2 Qa5 19. Nf3 Rac8 20. Ne5 e6 21. a3 Rc7 22. b4 Qb6 23. Rc1 Rfc8 24. Qd2 Qd6 25. Rxc7 Rxc7 26. Rc1 Nb6 27. Rxc7 Qxc7 28. Qc3 Qd8 29. Qf3 Bxe5 30. dxe5 Nc4 31. Bc1 Qd5 32. Qc3 b5 33. Bh6 Qd1+ 34. Kh2 Qh5 35. Bf4 Qf5 36. Qd4 h5 37. g3 g5 38. Qd8+ Kg7 39. Qxg5+ Qxg5 40. Bxg5 Kg6 41. Bf4 Kf5 42. Kg2 Ke4 43. h4 Nxa3 44. f3+ Kf5 45. Kf2 Nc4 46. Ke2 a5 47. bxa5 Nxa5 48. Kd3 Nc6 49. Kc3 Nxe5 50. Bxe5 Kxe5 51. Kb4 f5 52. Kxb5 f4 0-1

[Event "Brasilia Terraviva op"]
[Site "Brasilia"]
[Date "2016.04.23"]
[Round "4"]
[White "Pereira, Armando Scharlau"]
[Black "Stivanelli, Leonardo Alexandre"]
[Result "1-0"]
[WhiteElo "1729"]
[BlackElo "1958"]
[PlyCount "223"]
[EventDate "2016.04.21"]
[EventType "swiss"]
[EventRounds "7"]
[EventCountry "BRA"]
[SourceTitle "CBM 172 Extra"]
[Source "ChessBase"]
[SourceDate "2016.06.21"]
[SourceVersion "1"]
[SourceVersionDate "2016.06.21"]
[SourceQuality "1"]

1. d4 Nf6 2. c4 e6 3. Nf3 d5 4. Nc3 Be7 5. e3 Nbd7 6. Bd3 c6 7. 0-0 dxc4 8. Bxc4 b5 9. Bd3 a6 10. Ne4 c5 11. Nxc5 Nxc5 12. dxc5 Bxc5 13. Qe2 0-0 14. b3 Bb7 15. Rd1 Qe7 16. Bb2 Rfd8 17. Rac1 Rac8 18. Bb1 Ba3 19. Rxd8+ Rxd8 20. h3 Bxf3 21. gxf3 g6 22. Bxa3 Qxa3 23. Rd1 Rc8 24. Be4 Qc5 25. Qd3 Rc7 26. Rd2 Qg5+ 27. Kh2 Qe5+ 28. f4 Qc5 29. Qd8+ Kg7 30. Rc2 Qxc2 31. Bxc2 Rxc2 32. Qd4 Rxf2+ 33. Kg3 Rxa2 34. b4 h6 35. h4 Ra4 36. Qb2 a5 37. bxa5 Rxa5 38. Kf3 Ra8 39. Qxb5 Nd5 40. Qb2+ Kg8 41. e4 Ne7 42. Qb4 Kf8 43. Qc3 h5 44. Qh8+ Ng8 45. Qc3 f6 46. Qc5+ Ne7 47. Qd6 Kf7 48. Qc5 f5 49. Qb5 Ra3+ 50. Kg2 fxe4 51. Qb4 Ra2+ 52. Kh3 Re2 53. Qd4 Nd5 54. Qa7+ Ne7 55. Qd4 Nf5 56. Qa7+ Kg8 57. Qb8+ Kg7 58. Qc7+ Kh6 59. Qd8 Re3+ 60. Kh2 Kh7 61. Qc7+ Kg8 62. Qd8+ Kf7 63. Qd7+ Ne7 64. Qd4 Nd5 65. Qa7+ Kf6 66. Qb8 Re2+ 67. Kg1 e3 68. Qe5+ Kf7 69. Qh8 Nxf4 70. Qh7+ Kf6 71. Qh8+ Kf5 72. Qf8+ Kg4 73. Qf6 Nh3+ 74. Kh1 Re1+ 75. Kh2 Re2+ 76. Kh1 Kg3 77. Qf3+ Kxh4 78. Qxe2 Nf2+ 79. Kg2 Ng4 80. Qf3 Kg5 81. Qe4 e5 82. Kg1 h4 83. Kg2 h3+ 84. Kg3 Nf6 85. Qxe3+ Kf5 86. Kxh3 g5 87. Qf3+ Kg6 88. Kg3 e4 89. Qf2 Nh5+ 90. Kg4 Nf6+ 91. Kg3 Nh5+ 92. Kh3 Nf6 93. Qd4 Kf5 94. Qf2+ Ke5 95. Qg3+ Kf5 96. Kg2 Nd5 97. Qd6 Nf4+ 98. Kf2 Ng6 99. Kg3 Ne5 100. Qf8+ Kg6 101. Qg8+ Kf5 102. Qh7+ Kf6 103. Qxe4 Nf7 104. Qc6+ Kf5 105. Qc8+ Kf6 106. Kg4 Ne5+ 107. Kh5 g4 108. Kh4 Ke7 109. Qf5 Kd6 110. Kg3 Nc4 111. Qf8+ Kd5 112. Kxg4 1-0

[Event "Florianopolis op 2nd"]
[Site "Florianopolis"]
[Date "2016.01.19"]
[Round "5"]
[White "Guerrero, Alvaro"]
[Black "Stivanelli, Leonardo Alexandre"]
[Result "1-0"]
[WhiteElo "2157"]
[BlackElo "1957"]
[PlyCount "44"]
[EventDate "2016.01.16"]
[EventType "swiss"]
[EventRounds "10"]
[EventCountry "BRA"]
[SourceTitle "CBM 170 Extra"]
[Source "ChessBase"]
[SourceDate "2016.02.25"]
[SourceVersion "1"]
[SourceVersionDate "2016.02.25"]
[SourceQuality "1"]

1. d4 Nf6 2. c4 e6 3. Nc3 d5 4. Nf3 Be7 5. Bg5 0-0 6. e3 h6 7. Bh4 b6 8. cxd5 exd5 9. Bd3 Bb7 10. 0-0 Nbd7 11. Rc1 c5 12. Bg3 Rc8 13. Bf5 a6 14. Ne5 b5 15. dxc5 Rxc5 16. b4 Rc8 17. a3 Re8 18. Nxd7 Nxd7 19. Qd3 Rxc3 20. Rxc3 Bf6 21. Rc7 Ne5 22. Bxe5 Rxe5 1-0

[Event "Brasilia Regional Centro Oeste"]
[Site "Brasilia"]
[Date "2014.05.10"]
[Round "3"]
[White "Stivanelli, Leonardo Alexandre"]
[Black "Cantarino Neto, Mario Ribeiro"]
[Result "1-0"]
[WhiteElo "2012"]
[BlackElo "2128"]
[PlyCount "57"]
[EventDate "2014.05.09"]
[EventType "swiss"]
[EventRounds "5"]
[EventCountry "BRA"]
[SourceTitle "CBM 160 Extra"]
[Source "ChessBase"]
[SourceDate "2014.07.01"]
[SourceVersion "1"]
[SourceVersionDate "2014.07.01"]
[SourceQuality "1"]

1. Nf3 d5 2. d4 Nf6 3. e3 e6 4. Bd3 Be7 5. Nbd2 Nbd7 6. b3 c5 7. Bb2 Qa5 8. 0-0 0-0 9. Re1 cxd4 10. exd4 Ba3 11. Bxa3 Qxa3 12. Ne5 g6 13. Ndf3 Nxe5 14. dxe5 Nh5 15. Qd2 f5 16. c4 Bd7 17. cxd5 exd5 18. e6 Bc6 19. Ne5 Qe7 20. Rac1 Rac8 21. Qb2 Nf4 22. Nf7 Rxf7 23. exf7+ Qxf7 24. Bf1 Ne6 25. b4 b6 26. Ba6 Rc7 27. Qe5 Ba8 28. Rxc7 Nxc7 29. Rc1 1-0

[Event "Cuiaba Contaud op"]
[Site "Cuiaba"]
[Date "2014.05.02"]
[Round "2"]
[White "Stivanelli, Leonardo Alexandre"]
[Black "Rodi, Luis Ernesto"]
[Result "0-1"]
[WhiteElo "2012"]
[BlackElo "2365"]
[PlyCount "96"]
[EventDate "2014.05.01"]
[EventType "swiss"]
[EventRounds "6"]
[EventCountry "BRA"]
[SourceTitle "CBM 160 Extra"]
[Source "ChessBase"]
[SourceDate "2014.07.01"]
[SourceVersion "1"]
[SourceVersionDate "2014.07.01"]
[SourceQuality "1"]

1. d4 d6 2. Nf3 Bg4 3. e3 e6 4. Bd3 Nd7 5. Nbd2 Ngf6 6. c4 c6 7. Qc2 Qc7 8. a3 d5 9. h3 Bh5 10. b4 Bg6 11. Bb2 dxc4 12. Nxc4 Nd5 13. 0-0 Be7 14. Rad1 Bxd3 15. Qxd3 g5 16. Bc1 0-0-0 17. e4 Nf4 18. Bxf4 Qxf4 19. g3 Qc7 20. Rc1 Kb8 21. Qe3 Rhg8 22. Kg2 Nb6 23. Nfe5 f6 24. Nd3 Qd7 25. Nc5 Bxc5 26. bxc5 Nxc4 27. Rxc4 e5 28. Rd1 Qe6 29. Qd3 exd4 30. Rxd4 Rxd4 31. Qxd4 Kc7 32. Qb4 b6 33. Qa4 Kb7 34. Rd6 Qe8 35. Qd4 bxc5 36. Qd3 Rg7 37. Rd8 Qe6 38. Qb1+ Ka6 39. Qd3+ c4 40. Qc2 Rb7 41. Rd4 Kb5 42. Qd2 c5 43. Rd5 Qxe4+ 44. f3 c3 45. a4+ Kb4 46. fxe4 cxd2 47. Rxd2 Kxa4 48. Rd6 c4 0-1

[Event "Maringa op 3rd"]
[Site "Maringa"]
[Date "2013.07.26"]
[Round "4"]
[White "Stivanelli, Leonardo Alexandre"]
[Black "Lisboa Torres, Eduardo"]
[Result "0-1"]
[WhiteElo "2076"]
[BlackElo "1864"]
[PlyCount "86"]
[EventDate "2013.07.24"]
[EventType "swiss"]
[EventRounds "8"]
[EventCountry "BRA"]
[SourceTitle "CBM 155 Extra"]
[Source "ChessBase"]
[SourceDate "2013.08.26"]
[SourceVersion "1"]
[SourceVersionDate "2013.08.26"]
[SourceQuality "1"]

1. e4 c5 2. Nf3 d6 3. d4 cxd4 4. Nxd4 Nf6 5. Nc3 g6 6. f3 Bg7 7. Be3 0-0 8. Bc4 Nc6 9. Qd2 Bd7 10. 0-0 Na5 11. Be2 Rc8 12. Rac1 a6 13. Kh1 Nc4 14. Bxc4 Rxc4 15. Nce2 b5 16. Nb3 Qb8 17. Nf4 Rfc8 18. Rfe1 b4 19. Qf2 Ba4 20. Nd3 Nd7 21. Na1 R4c6 22. b3 Bxa1 23. bxa4 Bc3 24. Re2 Qc7 25. Bd4 Qa5 26. Bxc3 bxc3 27. f4 Nc5 28. Ne1 Qxa4 29. Qe3 Qxa2 30. Nf3 Qc4 31. Ree1 Rb8 32. e5 d5 33. f5 Kg7 34. e6 f6 35. Ne5 Qb5 36. Nf7 g5 37. Qh3 Qc4 38. Qh6+ Kg8 39. Nxg5 fxg5 40. Qxg5+ Kh8 41. Qxe7 Qg4 42. f6 Rg8 43. Rg1 Qxe6 0-1